Už nikdy pěšky po Arménii a Gruzii /
Po dvojici bestsellerů přichází Ladislav Zibura s novým dobrodružstvím – tentokrát se vydává do Arménie, Gruzie a Náhorního Karabachu. Princ Ládík putuje po těch nejzapadlejších vesnicích, aby mohl naslouchat příběhům místních a načerpat něco z jejich moudrosti. Alkohol teče proudem a mladý dobrodru...
Uloženo v:
| Hlavní autor: | |
|---|---|
| Médium: | E-kniha |
| Jazyk: | Czech |
| Vydáno: |
Praha :
Albatros Media a.s.,
2020
|
| Tagy: |
Žádné tagy |
| LEADER | 02164nam a22002297i 4500 | ||
|---|---|---|---|
| 001 | 311231 | ||
| 007 | ta | ||
| 008 | 260601s2020 xr ||||| |||| 00| 0 cze d | ||
| 020 | |a 9788026509417 | ||
| 044 | |a xr | ||
| 100 | 1 | |a Zibura, Ladislav |4 aut | |
| 245 | 1 | 0 | |a Už nikdy pěšky po Arménii a Gruzii / |c Zibura, Ladislav |
| 264 | 1 | |a Praha : |b Albatros Media a.s., |c 2020 | |
| 300 | |a 1 online zdroj (296 stran) | ||
| 336 | |a text |b txt |2 rdacontent | ||
| 337 | |a bez média |b n |2 rdamedia | ||
| 338 | |a online zdroj |b cr |2 rdacarrier | ||
| 520 | 2 | |a Po dvojici bestsellerů přichází Ladislav Zibura s novým dobrodružstvím – tentokrát se vydává do Arménie, Gruzie a Náhorního Karabachu. Princ Ládík putuje po těch nejzapadlejších vesnicích, aby mohl naslouchat příběhům místních a načerpat něco z jejich moudrosti. Alkohol teče proudem a mladý dobrodruh důvěrně poznává kulturu plnou pohostinnosti, rozhodných slov a nostalgie po sovětských časech. Své zážitky z kavkazského putování líčí Zibura s humorem a ironií, pro které si získal popularitu nejen u příznivců cestopisů. Ať už je zrovna ztracený v horách, bojuje s nepřízní počasí, nebo omylem jí grilovaného ježka, vše přijímá s dokonalým nadhledem. Ziburův příběh je svědectvím o půvabu svobody a lehkosti života na cestách. O čem to je: Mladý poutník se vydá pěšky probádat Kavkaz. Očekává nenáročný výlet, situace se mu ale brzy vymkne z nohou. Komu to můžu koupit: Všem příznivcům cestování, poutavých příběhů a humoru. Co se mi na tom může líbit: Vtip, dobrodružství, hodně obrázků a krátký text. Jak to skončí: Přežije a vrátí se domů stopem. | |
| 910 | |a RBIT002 | ||
| 998 | |d 208804 |a https://core.palmknihy.cz/api/books/208804/cover?si5v36 |b https://core.palmknihy.cz/api/books/208804/cover/400?si5v36 |c https://core.palmknihy.cz/api/books/208804/cover/50?si5v36 |e 2028-12-31 |g 296 |i 9788026509417 |j https://core.palmknihy.cz/api/books/208804/preview.epub |k https://core.palmknihy.cz/api/books/208804/preview.pdf |l |q 49 |r 1 |s https://www.palmknihy.cz/kniha/208804 |t ebook |y 2020 |z 1 | ||
| 999 | |d 311229 | ||